000 00660nab a2200181 4500
001 244442
003 OSt
005 20240618130647.0
007 tu
008 200917s2020|||||||
040 _aDE-2950
_cDE-2950
245 0 0 _aUnternehmen mit Tradition - Buchbinderei Spiegel wird 75
_bJubiläum. Ein seltenes Handwerk hält sich tapfer in Frankfurt. Das 1949 gegründete Unternehmen kann 2024 feiern - auch dank Betreiberin Gundula Riebe/
_cJörg Kotterba
264 _c2024
653 _aFrankfurt (Oder)
653 _aBuchbinderei Spiegel
773 0 _g35. Jahrgang (2024) Nr. 122 vom 28.05.2024, S. 17 mit Foto
_tMärkische Oderzeitung
942 _2z
_cA
999 _c373186
_d373186